[Event "CZE-chT2F 1516"]
[Site "Czech Republic"]
[Date "2016.04.17"]
[Round "11.32"]
[White "Miturova, Magdalena"]
[Black "Bacak, Martin"]
[Result "1/2-1/2"]
[WhiteElo "2157"]
[BlackElo "2085"]
[PlyCount "64"]
[EventDate "2015.10.18"]
[EventType "team-tourn"]
[EventRounds "11"]
[EventCountry "CZE"]
[SourceTitle "EXT 2022"]
[Source "ChessBase"]
[SourceDate "2021.10.06"]
[SourceVersion "1"]
[SourceVersionDate "2021.10.06"]
[SourceQuality "1"]
[WhiteTeam "Cesky Tesin"]
[BlackTeam "Postoupky"]
[WhiteTeamCountry "CZE"]
[BlackTeamCountry "CZE"]

1. e4 c5 2. Nf3 d6 3. d4 cxd4 4. Nxd4 Nf6 5. Nc3 a6 6. Be2 g6 7. 0-0 Bg7 8. a4 0-0 9. Bg5 Nc6 10. Nb3 Na5 11. Ra3 Be6 12. e5 Bxb3 13. exf6 exf6 14. Bf4 Bc4 15. Bxc4 Nxc4 16. Rb3 f5 17. Qd5 Rc8 18. Qxb7 Nxb2 19. Rxb2 Bxc3 20. Rb6 Rb8 21. Qxb8 Qxb8 22. Rxb8 Rxb8 23. Rd1 Rb4 24. g3 Rxa4 25. Rxd6 Kg7 26. Rc6 Bd4 27. h4 h5 28. Kf1 Ra1+ 29. Ke2 a5 30. Kd3 Rd1+ 31. Ke2 Rb1 32. Ra6 Rb5 1/2-1/2

[Event "CZE-chT2F 1516"]
[Site "Czech Republic"]
[Date "2016.04.03"]
[Round "10.42"]
[White "Bacak, Martin"]
[Black "Bazant, Petr Sr"]
[Result "1/2-1/2"]
[WhiteElo "2085"]
[BlackElo "2256"]
[PlyCount "95"]
[EventDate "2015.10.18"]
[EventType "team-tourn"]
[EventRounds "11"]
[EventCountry "CZE"]
[SourceTitle "EXT 2022"]
[Source "ChessBase"]
[SourceDate "2021.10.06"]
[SourceVersion "1"]
[SourceVersionDate "2021.10.06"]
[SourceQuality "1"]
[WhiteTeam "Postoupky"]
[BlackTeam "Stare Mesto II"]
[WhiteTeamCountry "CZE"]
[BlackTeamCountry "CZE"]

1. d4 d5 2. g3 g6 3. Bg2 Bg7 4. Nf3 Nf6 5. 0-0 0-0 6. Re1 Nbd7 7. Nbd2 c5 8. c3 cxd4 9. cxd4 Qb6 10. Qb3 Rd8 11. Qxb6 Nxb6 12. b3 Ne4 13. e3 Nxd2 14. Bxd2 Bf5 15. Rac1 Rdc8 16. Ba5 Be4 17. Nd2 Bxg2 18. Kxg2 e6 19. Bb4 Rxc1 20. Rxc1 Rc8 21. Rxc8+ Nxc8 22. a4 f5 23. f3 Kf7 24. Kf2 h5 25. Ke2 g5 26. h3 g4 27. hxg4 hxg4 28. Nf1 gxf3+ 29. Kxf3 e5 30. dxe5 Bxe5 31. g4 fxg4+ 32. Kxg4 Ke6 33. Kf3 Nd6 34. Bxd6 Kxd6 35. Ke2 Kc5 36. Kd3 Kb4 37. Kc2 Bf6 38. Ng3 Bg5 39. Nf5 a6 40. Kb2 Bf6+ 41. Kc2 Be5 42. Ne7 Kc5 43. Nf5 Bf6 44. Kd3 b5 45. axb5 axb5 46. Kc2 Kb4 47. Nd6 Be5 48. Nf5 1/2-1/2

[Event "CZE-chT2F 1516"]
[Site "Czech Republic"]
[Date "2016.02.21"]
[Round "8.32"]
[White "Bacak, Martin"]
[Black "Orzechowski, Jacek"]
[Result "1/2-1/2"]
[WhiteElo "2085"]
[BlackElo "2209"]
[PlyCount "53"]
[EventDate "2015.10.18"]
[EventType "team-tourn"]
[EventRounds "11"]
[EventCountry "CZE"]
[SourceTitle "EXT 2022"]
[Source "ChessBase"]
[SourceDate "2021.10.06"]
[SourceVersion "1"]
[SourceVersionDate "2021.10.06"]
[SourceQuality "1"]
[WhiteTeam "Postoupky"]
[BlackTeam "Benesov Dolni"]
[WhiteTeamCountry "CZE"]
[BlackTeamCountry "CZE"]

1. d4 d5 2. c4 c6 3. Nf3 Nf6 4. g3 e6 5. cxd5 cxd5 6. Bg2 Nc6 7. 0-0 Bd6 8. Bg5 h6 9. Bxf6 Qxf6 10. Nc3 0-0 11. e4 dxe4 12. Nxe4 Qe7 13. Nxd6 Qxd6 14. Re1 Rd8 15. Rc1 Bd7 16. Ne5 Be8 17. Nxc6 Bxc6 18. Bxc6 bxc6 19. b3 Rac8 20. Rc4 e5 21. Qa1 exd4 22. Rxd4 Qxd4 23. Re8+ Rxe8 24. Qxd4 Rc7 25. Qc5 Re2 26. a4 g6 27. Kg2 1/2-1/2

[Event "CZE-chT2F 1516"]
[Site "Czech Republic"]
[Date "2016.02.07"]
[Round "7.52"]
[White "Babula, Milan"]
[Black "Bacak, Martin"]
[Result "1/2-1/2"]
[WhiteElo "2192"]
[BlackElo "2085"]
[PlyCount "37"]
[EventDate "2015.10.18"]
[EventType "team-tourn"]
[EventRounds "11"]
[EventCountry "CZE"]
[SourceTitle "EXT 2022"]
[Source "ChessBase"]
[SourceDate "2021.10.06"]
[SourceVersion "1"]
[SourceVersionDate "2021.10.06"]
[SourceQuality "1"]
[WhiteTeam "Trinec II"]
[BlackTeam "Postoupky"]
[WhiteTeamCountry "CZE"]
[BlackTeamCountry "CZE"]

1. e4 c5 2. Nf3 d6 3. d4 cxd4 4. Nxd4 Nf6 5. Nc3 a6 6. g3 g6 7. Bg2 Bg7 8. 0-0 0-0 9. a4 Bd7 10. h3 Nc6 11. Nb3 Na5 12. Nxa5 Qxa5 13. Be3 Rac8 14. Re1 Qb4 15. Qc1 Bc6 16. Bd2 Qc5 17. Ra3 Rfe8 18. Rb3 d5 19. exd5 1/2-1/2

[Event "CZE-chT2F 1516"]
[Site "Czech Republic"]
[Date "2016.01.24"]
[Round "6.22"]
[White "Bacak, Martin"]
[Black "Zabystrzan, Pavel"]
[Result "1/2-1/2"]
[WhiteElo "2085"]
[BlackElo "2267"]
[PlyCount "59"]
[EventDate "2015.10.18"]
[EventType "team-tourn"]
[EventRounds "11"]
[EventCountry "CZE"]
[SourceTitle "EXT 2022"]
[Source "ChessBase"]
[SourceDate "2021.10.06"]
[SourceVersion "1"]
[SourceVersionDate "2021.10.06"]
[SourceQuality "1"]
[WhiteTeam "Postoupky"]
[BlackTeam "Havirov Slovan"]
[WhiteTeamCountry "CZE"]
[BlackTeamCountry "CZE"]

1. d4 Nf6 2. Nf3 g6 3. g3 Bg7 4. Bg2 c5 5. 0-0 Na6 6. c4 d6 7. Nc3 0-0 8. Re1 cxd4 9. Nxd4 Nc5 10. b4 Ne6 11. e3 a6 12. Bb2 Qc7 13. Qe2 Re8 14. Nd5 Nxd5 15. Nxe6 Bxe6 16. cxd5 Bd7 17. Bxg7 Kxg7 18. Qb2+ f6 19. Rec1 Qb6 20. Rc3 Rec8 21. Rac1 Rxc3 22. Rxc3 Qd8 23. Qc2 Rc8 24. Rxc8 Qxc8 25. Qxc8 Bxc8 26. Kf1 b6 27. Ke2 f5 28. f3 Kf6 29. Kd3 Bd7 30. Kd4 1/2-1/2

[Event "CZE-chT2E 1415"]
[Site "Czech Republic"]
[Date "2015.03.29"]
[Round "10.2"]
[White "Kratochvil, Josef"]
[Black "Bacak, Martin"]
[Result "1-0"]
[WhiteElo "2236"]
[BlackElo "2138"]
[PlyCount "69"]
[EventDate "2014.11.02"]
[EventType "team-tourn"]
[EventRounds "11"]
[EventCountry "CZE"]
[SourceTitle "EXT 2022"]
[Source "ChessBase"]
[SourceDate "2021.10.06"]
[SourceVersion "1"]
[SourceVersionDate "2021.10.06"]
[SourceQuality "1"]
[WhiteTeam "Lipovec Garde"]
[BlackTeam "Postoupky"]
[WhiteTeamCountry "CZE"]
[BlackTeamCountry "CZE"]

1. e4 c5 2. Nf3 d6 3. d4 cxd4 4. Nxd4 a6 5. Nc3 Nf6 6. Bg5 e6 7. f4 Be7 8. Qf3 Qc7 9. 0-0-0 0-0 10. Bd3 Nc6 11. Nxc6 bxc6 12. e5 dxe5 13. Qh3 g6 14. Qh4 Kg7 15. fxe5 Nd5 16. Qh6+ Kg8 17. Bxe7 Nxe7 18. Rde1 Nf5 19. Qf4 Qe7 20. h4 f6 21. g4 fxe5 22. Qxe5 Nxh4 23. Be4 Nf3 24. Bxf3 Rxf3 25. Ne4 Qf8 26. Rxh7 Qf4+ 27. Qxf4 Rxf4 28. Rc7 Rf7 29. Rxc6 Bd7 30. Rd6 Raf8 31. g5 Rf1 32. Rxf1 Rxf1+ 33. Kd2 Bb5 34. Rxe6 Kf7 35. Rb6 1-0

[Event "CZE-chT1E 1415"]
[Site "Czech Republic"]
[Date "2015.02.01"]
[Round "7.7"]
[White "Cempel, Jaroslav"]
[Black "Bacak, Martin"]
[Result "1-0"]
[WhiteElo "2135"]
[BlackElo "2138"]
[PlyCount "69"]
[EventDate "2014.10.19"]
[EventType "team-tourn"]
[EventRounds "11"]
[EventCountry "CZE"]
[SourceTitle "EXT 2016"]
[Source "ChessBase"]
[SourceDate "2015.10.08"]
[SourceVersion "1"]
[SourceVersionDate "2015.10.08"]
[SourceQuality "1"]
[WhiteTeam "Opava"]
[BlackTeam "Kromeriz"]
[WhiteTeamCountry "CZE"]
[BlackTeamCountry "CZE"]

1. d4 d5 2. Bg5 Nf6 3. e3 e6 4. Bd3 c5 5. c3 Nbd7 6. Nf3 Be7 7. Nbd2 0-0 8. 0-0 Qc7 9. c4 b6 10. Rc1 a5 11. a3 Ba6 12. Qe2 Rfe8 13. Rfd1 dxc4 14. Nxc4 b5 15. Nce5 c4 16. Bb1 Bd6 17. Bf4 g6 18. h3 Nd5 19. Bg3 Nxe5 20. Bxe5 b4 21. axb4 Nxb4 22. Qd2 Rec8 23. e4 Bxe5 24. Nxe5 Qe7 25. Qf4 f6 26. Ng4 Kg7 27. Qh6+ Kh8 28. Qh4 Nd3 29. Bxd3 cxd3 30. Rxc8+ Rxc8 31. Nxf6 Rc2 32. Qf4 Rxb2 33. Qe5 Rb5 34. Nd5+ Qg7 35. Qxe6 1-0

[Event "CZE-chT2E 1314"]
[Site "Czech Republic"]
[Date "2014.04.06"]
[Round "11.1"]
[White "Blahynka, Martin"]
[Black "Bacak, Martin"]
[Result "1/2-1/2"]
[WhiteElo "2188"]
[BlackElo "2157"]
[PlyCount "27"]
[EventDate "2013.11.03"]
[EventType "team-tourn"]
[EventRounds "11"]
[EventCountry "CZE"]
[SourceTitle "EXT 2016"]
[Source "ChessBase"]
[SourceDate "2015.10.08"]
[SourceVersion "1"]
[SourceVersionDate "2015.10.08"]
[SourceQuality "1"]
[WhiteTeam "Brno Duras II"]
[BlackTeam "Postoupky"]
[WhiteTeamCountry "CZE"]
[BlackTeamCountry "CZE"]

1. d4 d5 2. c4 e6 3. Nc3 Nf6 4. cxd5 exd5 5. Bg5 Be7 6. e3 c6 7. Bd3 0-0 8. Qc2 Nbd7 9. Nge2 Re8 10. 0-0 Nf8 11. f3 Nh5 12. Bxe7 Qxe7 13. e4 dxe4 14. fxe4 1/2-1/2

[Event "CZE-chT2E 1314"]
[Site "Czech Republic"]
[Date "2013.12.01"]
[Round "3.3"]
[White "Bacak, Martin"]
[Black "Vechet, Stanislav"]
[Result "1/2-1/2"]
[WhiteElo "2157"]
[BlackElo "2165"]
[PlyCount "65"]
[EventDate "2013.11.03"]
[EventType "team-tourn"]
[EventRounds "11"]
[EventCountry "CZE"]
[SourceTitle "EXT 2016"]
[Source "ChessBase"]
[SourceDate "2015.10.08"]
[SourceVersion "1"]
[SourceVersionDate "2015.10.08"]
[SourceQuality "1"]
[WhiteTeam "Postoupky"]
[BlackTeam "Brno Moravska Slavia"]
[WhiteTeamCountry "CZE"]
[BlackTeamCountry "CZE"]

1. e4 e5 2. Nf3 Nc6 3. Bc4 Bc5 4. c3 Qe7 5. 0-0 d6 6. b4 Bb6 7. a4 a6 8. d3 Be6 9. Nbd2 Nf6 10. Bxe6 fxe6 11. Nc4 Ba7 12. Be3 0-0 13. b5 Nb8 14. Qb3 Bxe3 15. Nxe3 Nbd7 16. Qc2 d5 17. Rab1 Qd6 18. Rfc1 b6 19. Re1 axb5 20. axb5 Rfe8 21. Nf1 Ra3 22. N1d2 h6 23. d4 Nxe4 24. Nxe4 dxe4 25. Rxe4 exd4 26. Rxd4 Qe7 27. Rbd1 Nc5 28. Ne5 Qf6 29. f4 Qf5 30. Qxf5 exf5 31. Rd8 Rxd8 32. Rxd8+ Kh7 33. c4 1/2-1/2

[Event "CZE-chT2E 1112"]
[Site "Czech Republic"]
[Date "2012.02.19"]
[Round "8.2"]
[White "Bacak, Martin"]
[Black "Symersky, Petr"]
[Result "1/2-1/2"]
[WhiteElo "2105"]
[BlackElo "2143"]
[PlyCount "54"]
[EventDate "2011.10.09"]
[EventType "team-tourn"]
[EventRounds "11"]
[EventCountry "CZE"]
[SourceTitle "EXT 2013"]
[Source "ChessBase"]
[SourceDate "2012.11.22"]
[SourceVersion "1"]
[SourceVersionDate "2012.11.22"]
[SourceQuality "1"]
[WhiteTeam "Kromeriz II"]
[BlackTeam "Veseli nad Moravou"]
[WhiteTeamCountry "CZE"]
[BlackTeamCountry "CZE"]

1. e4 e5 2. Nf3 Nc6 3. Bb5 a6 4. Ba4 Nf6 5. d4 exd4 6. 0-0 Be7 7. Re1 0-0 8. e5 Nd5 9. c3 Nb6 10. Bc2 d6 11. exd6 cxd6 12. Nxd4 Bf6 13. Nf5 Bxf5 14. Bxf5 d5 15. Nd2 g6 16. Bc2 Bg7 17. Nf3 Qc7 18. Bg5 h6 19. Bh4 Rac8 20. Bg3 Qd8 21. Nd4 Nxd4 22. cxd4 Nc4 23. Rb1 Re8 24. Rxe8+ Qxe8 25. Bd3 Qe6 26. b3 Na5 27. Qd2 Nc6 1/2-1/2

[Event "CZE-chT2E 1112"]
[Site "Czech Republic"]
[Date "2012.01.08"]
[Round "5.5"]
[White "Bacak, Martin"]
[Black "Cupal, Miroslav"]
[Result "1-0"]
[WhiteElo "2105"]
[BlackElo "2047"]
[PlyCount "101"]
[EventDate "2011.10.09"]
[EventType "team-tourn"]
[EventRounds "11"]
[EventCountry "CZE"]
[SourceTitle "EXT 2013"]
[Source "ChessBase"]
[SourceDate "2012.11.22"]
[SourceVersion "1"]
[SourceVersionDate "2012.11.22"]
[SourceQuality "1"]
[WhiteTeam "Kromeriz II"]
[BlackTeam "Prusanky Podluzan"]
[WhiteTeamCountry "CZE"]
[BlackTeamCountry "CZE"]

1. e4 c5 2. Nc3 Nc6 3. g3 e5 4. d3 Be7 5. Nd5 d6 6. Bg2 Be6 7. f4 Nf6 8. Nxf6+ Bxf6 9. f5 Bd7 10. Nh3 Ne7 11. 0-0 Bc6 12. Be3 b6 13. c4 b5 14. Nf2 b4 15. Qd2 Ng8 16. a3 a5 17. axb4 axb4 18. b3 Ne7 19. Ng4 Qb8 20. Bg5 Ng8 21. Bxf6 gxf6 22. Ra2 Rxa2 23. Qxa2 h5 24. Ne3 Ne7 25. h4 Qb7 26. Ra1 Kd7 27. Qa7 Kc7 28. Bf3 Nc8 29. Qxb7+ Bxb7 30. Kh2 Ne7 31. Kh3 Kb8 32. Bd1 Ng8 33. Ra2 Rh7 34. g4 hxg4+ 35. Nxg4 Kc7 36. Rg2 Kd7 37. Nxe5+ fxe5 38. Rxg8 Ke7 39. Rb8 Bc6 40. f6+ Kxf6 41. Bg4 Ke7 42. Rc8 Be8 43. h5 Rh6 44. Kh4 Rh8 45. Rc7+ Kf6 46. Bf5 Rh6 47. Rb7 Kg7 48. Rb8 Bc6 49. Rc8 Bb7 50. Rc7 Ba8 51. Bg6 1-0

[Event "CZE-chT2E 1011"]
[Site "Czech Republic"]
[Date "2011.04.10"]
[Round "11.3"]
[White "Krcal, Michal"]
[Black "Bacak, Martin"]
[Result "1/2-1/2"]
[WhiteElo "2101"]
[BlackElo "2141"]
[PlyCount "96"]
[EventDate "2010.10.17"]
[EventType "team-tourn"]
[EventRounds "11"]
[EventCountry "CZE"]
[SourceTitle "EXT 2012"]
[Source "ChessBase"]
[SourceDate "2011.11.24"]
[SourceVersion "1"]
[SourceVersionDate "2011.11.24"]
[SourceQuality "1"]
[WhiteTeam "Zlin III"]
[BlackTeam "Postoupky"]
[WhiteTeamCountry "CZE"]
[BlackTeamCountry "CZE"]

1. e4 c6 2. d4 d5 3. Nc3 dxe4 4. Nxe4 Bf5 5. Ng3 Bg6 6. N1e2 h6 7. Nf4 Bh7 8. Bc4 Nf6 9. 0-0 Nbd7 10. Re1 Nb6 11. Bb3 Qc7 12. Qf3 a5 13. Ngh5 Nfd5 14. Nxd5 Nxd5 15. Bxd5 cxd5 16. Qxd5 Bxc2 17. Bf4 Qd7 18. Qe5 f6 19. Qc5 Bg6 20. Ng3 e6 21. Qc4 Kf7 22. Rac1 Bb4 23. Qc7 Rhd8 24. Red1 Kg8 25. a3 Bf8 26. Ne2 Be4 27. Nc3 Bc6 28. Qb6 Ra6 29. Qb3 a4 30. Qc4 b5 31. Qe2 Bd6 32. Be3 Qb7 33. Qg4 f5 34. Qg6 f4 35. Bd2 Qf7 36. Qg4 Bb8 37. d5 exd5 38. Ne2 Rf8 39. Bb4 Re8 40. Nd4 Bd7 41. Qf3 Re4 42. Rd2 Rg6 43. h3 h5 44. Kf1 Qf6 45. Qxh5 Rxd4 46. Rxd4 Rg5 47. Qh4 f3 48. g4 Qe5 1/2-1/2

[Event "CZE-chT2E 1011"]
[Site "Czech Republic"]
[Date "2011.02.20"]
[Round "8.4"]
[White "Horsak, Jan"]
[Black "Bacak, Martin"]
[Result "1-0"]
[WhiteElo "2112"]
[BlackElo "2141"]
[PlyCount "61"]
[EventDate "2010.10.17"]
[EventType "team-tourn"]
[EventRounds "11"]
[EventCountry "CZE"]
[SourceTitle "EXT 2012"]
[Source "ChessBase"]
[SourceDate "2011.11.24"]
[SourceVersion "1"]
[SourceVersionDate "2011.11.24"]
[SourceQuality "1"]
[WhiteTeam "Stare Mesto III"]
[BlackTeam "Postoupky"]
[WhiteTeamCountry "CZE"]
[BlackTeamCountry "CZE"]

1. c4 e6 2. Nc3 d5 3. d4 Nf6 4. Nf3 Nbd7 5. Bg5 c6 6. e3 Be7 7. Bd3 0-0 8. 0-0 Re8 9. Rc1 dxc4 10. Bxc4 Nd5 11. Bxe7 Qxe7 12. Re1 Qb4 13. Bb3 a5 14. e4 Nxc3 15. bxc3 Qa3 16. e5 b5 17. Bc2 Nf8 18. Ng5 h6 19. Ne4 a4 20. Re3 Qxa2 21. Rg3 Re7 22. Nf6+ Kh8 23. Qh5 Ng6 24. Bxg6 Qd2 25. Rf1 Ba6 26. Bxf7 Qc2 27. Bg6 Qd2 28. Bb1 Rf8 29. Qg6 gxf6 30. exf6 Ref7 31. Rh3 1-0

[Event "CZE-chT2E 0910"]
[Site "Czech Republic"]
[Date "2009.12.06"]
[Round "4.6"]
[White "Pehal, Ludek"]
[Black "Bacak, Martin"]
[Result "0-1"]
[WhiteElo "1817"]
[BlackElo "2132"]
[PlyCount "48"]
[EventDate "2009.10.18"]
[EventType "team-tourn"]
[EventRounds "11"]
[EventCountry "CZE"]
[SourceTitle "EXT 2012"]
[Source "ChessBase"]
[SourceDate "2011.11.24"]
[SourceVersion "1"]
[SourceVersionDate "2011.11.24"]
[SourceQuality "1"]
[WhiteTeam "Orechov"]
[BlackTeam "Kromeriz II"]
[WhiteTeamCountry "CZE"]
[BlackTeamCountry "CZE"]

1. c4 e6 2. Nf3 d5 3. g3 Nf6 4. Bg2 c6 5. b3 Be7 6. Bb2 0-0 7. 0-0 Nbd7 8. d4 a5 9. Nc3 b6 10. Rc1 Ba6 11. Nd2 Rc8 12. cxd5 cxd5 13. Nf3 b5 14. Re1 b4 15. Na4 Bb5 16. Rxc8 Qxc8 17. e3 Bxa4 18. bxa4 Nb6 19. Bf1 Ne4 20. Bb5 Nd6 21. Ne5 Nxb5 22. axb5 Nc4 23. Qc2 Nxe5 24. Qxc8 Nf3+ 0-1